Správne určovanie trhových cien - šanca pre prosperitu podnikania

Určovanie trhových cien. Podstata cenovej štruktúry. Určovanie funkčných zrážok. Preferovanie dlhodobého účinku vplyvu cien na dopyt. Ceny ako prostriedok pre získanie zákazníka. Skúmanie účinku na náklady a výnosy. Aktívny a pasívny prístup pri stanovení ceny. Metódy stanovenia cien. Kombinované me...

Descrizione completa

Salvato in:
Dettagli Bibliografici
Autore principale: Oláh, Michal
Natura: Capitolo di libro
Lingua:slovacco
Soggetti:
Tags: Aggiungi Tag
Nessun Tag, puoi essere il primo ad aggiungerne!!

MARC

LEADER 00000naa a2200000 4500
001 r025680
005 20230919112913.4
041 0 |a slo 
044 |a SK 
245 1 0 |a Správne určovanie trhových cien - šanca pre prosperitu podnikania  |c Michal Oláh 
520 |a Určovanie trhových cien. Podstata cenovej štruktúry. Určovanie funkčných zrážok. Preferovanie dlhodobého účinku vplyvu cien na dopyt. Ceny ako prostriedok pre získanie zákazníka. Skúmanie účinku na náklady a výnosy. Aktívny a pasívny prístup pri stanovení ceny. Metódy stanovenia cien. Kombinované metódy tvorby cien. Cenový prieskum ako nevyhnutný zdroj informácií pre správne určovanie cien. 
610 2 0 |a tvorba cien 
610 2 0 |a metodika 
610 2 0 |a ceny trhové 
610 2 0 |a zákazníci 
610 2 0 |a podnikatelia 
610 2 0 |a politika podniková 
100 1 |a Oláh, Michal